Procurement of facility management (Record no. 121341)
[ view plain ]
| 000 -LEADER | |
|---|---|
| fixed length control field | 01140nam a22002657a 4500 |
| 001 - CONTROL NUMBER | |
| control field | 121341 |
| 008 - FIXED-LENGTH DATA ELEMENTS--GENERAL INFORMATION | |
| fixed length control field | 230130s2020 xxk|||||o|||| 00| 0 eng d |
| 020 ## - INTERNATIONAL STANDARD BOOK NUMBER | |
| ISBN | 9781783213900 |
| 041 ## - LANGUAGE CODE | |
| Language code of text/sound track or separate title | eng |
| 110 ## - MAIN ENTRY--CORPORATE NAME | |
| Corporate author | Royal Institution of Chartered Surveyors |
| 245 ## - TITLE STATEMENT | |
| Title | Procurement of facility management |
| Subtitle | Global code of practice |
| Medium | [Electronic resource] |
| 250 ## - EDITION | |
| Edition statement | 1st |
| 260 ## - PUBLICATION INFORMATION | |
| Place of publication | London, |
| Publisher | Royal Institution of Chartered Surveyors, |
| Date | October 2020 |
| 300 ## - PHYSICAL DESCRIPTION | |
| Physical description | 56p. |
| 490 ## - SERIES TITLE | |
| Series statement | RICS Code of Conduct |
| 520 ## - ABSTRACT | |
| Abstract | This code of practice provides guidance on the various factors that need to be considered throughout a procurement process, including activities and key decisions during planning, procurement and post-procurement. |
| 520 ## - ABSTRACT | |
| Abstract | Effective from January 2021 |
| 650 ## - KEYWORDS | |
| Keywords | FACILITY MANAGEMENT |
| 651 ## - SUBJECT ADDED ENTRY--GEOGRAPHIC NAME | |
| Geographic name | International |
| 690 ## - BROAD SUBJECT | |
| 9 (RLIN) | 6260 |
| Broad subject | Procurement |
| 700 ## - ADDED PERSONAL NAME | |
| Added personal author | Tate, Derrick |
| 710 ## - ADDED CORPORATE NAME | |
| Added corporate author | Royal Institution of Chartered Surveyors |
| 856 ## - ONLINE RESOURCE | |
| Uniform Resource Identifier | <a href="https://www.rics.org/uk/upholding-professional-standards/sector-standards/real-estate/procurement-of-facility-management/">https://www.rics.org/uk/upholding-professional-standards/sector-standards/real-estate/procurement-of-facility-management/</a> |
| Public note | Available free on RICS.org |
| 942 ## - ADDED ENTRY ELEMENTS (KOHA) | |
| Suppress in OPAC | Do not suppress in OPAC |
| Lost status | Damaged status | Not for loan | Current library | Shelving location | Date acquired | Total Checkouts | Date last seen | Price effective from | Koha item type |
|---|---|---|---|---|---|---|---|---|---|
| Virtual | Online | 30/01/2023 | 30/01/2023 | 30/01/2023 | Online material |